Представление документа в формате MARC21

Поле Инд. ПП Название Значение
Тип записи a
Библиографический уровень m
001 Контрольный номер 654cb297-be43-4660-8f03-28beb0cbb8ae
005 Дата корректировки 20230213152420.6
008 Кодируемые данные 080205
020 a ISBN 978-5-9667-0367-7
040 a Служба первич. каталог. НБ ТвГУ
041 0_ a Код языка текста rus
080 a Индекс УДК 373.04
084 a Индекс другой классификации/Индекс ББК Ч420.044
090 x Авторский знак К28
a Полочн. индекс Ч420.0
100 1_ a Автор Касицина Наталья Викторовна
q Полное имя Наталья Касицина
245 10 a Заглавие Как выстроить сотрудничество учителя и ученика
b Продолж. заглавия педагогика поддержки : тактика взаимодействия
260 0_ a Место издания Москва
b Издательство Чистые пруды
c Дата издания 2007
300 a Объем 32 с.
440 _0 a Серия Библиотечка "Первого сентября"
440 _0 a Серия Воспитание. Образование. Педагогика
v N тома вып. 5 (11)
504 a Библиография Библиогр.: с. 32.
583 a Действие Получение впервые16 04.02.2008
k Исполнитель действия Дар ООО "Чистые пруды"
583 a Действие Приписка 146 16.06.2008
k Исполнитель действия Дар ООО "Чистые пруды"
650 04 a Основная рубрика Педагогика школы
650 04 a Основная рубрика Поддержка педагогическая
653 0_ a Ключевые слова Педагогика школы
a Ключевые слова Педагогика поддержки
a Ключевые слова Тактика взаимодействия
a Ключевые слова Сотрудничество учителя и ученика
700 1_ a Другие авторы Михайлова Нина Николаевна
q Полное имя Нина Михайлова
700 1_ a Другие авторы Юсфин Семен Михайлович
q Полное имя Семен Юсфин
700 1_ a Другие авторы Сартан М. Н.
e Роль лиц ред. сер.
852 41 t Порядковый номер экземпляра 3
p Инвентарный номер 902424
p Инвентарный номер 911421
p Инвентарный номер 911422
852 41 t Порядковый номер экземпляра 1
p Инвентарный номер 911423
863 t 00211108
863 t 00239263
863 t 00239264
863 t 00239265
888 a Бесплатные
901 t Тип документа m
920 a Оператор Поля
a Оператор Стро
930 a Новая/Ретро новая
952 p 16.2008 20.00 1 902424
p 146.2008 20.00 1 911421
p 146.2008 20.00 1 911422
p 146.2008 20.00 1 911423
c Вид литературы К ру
954 a Дата поступления на обработку 20080408
b Дата поступления в ОК 20151223
c Дата окончания ОНО 20160116
999 a Подразделение 2 Фил2
a Подразделение 2 ч.з.